| 000 | 02398nam2a2200301 4500 | ||
|---|---|---|---|
| 001 | RU\NLR\BIBL_A\022756325 | ||
| 005 | 20260520140624.0 | ||
| 010 |
_a978-5-94826-736-4 _950 |
||
| 021 |
_aRU _bКН-П-26-004121 _9КН-П-26-0386 |
||
| 035 | _a(NLR Aleph) 022756325 | ||
| 090 |
_a13638633 _c13638633 |
||
| 100 | _a20260317d2024 u y0rusy50 ca | ||
| 101 | 0 | _arus | |
| 102 | _aRU | ||
| 105 | _aa j 000yy | ||
| 200 | 1 | _aПромысел иглокожих, морского зверя и морских водорослей | |
| 210 | _d2024 | ||
| 215 |
_a128, [1] с. _cил., цв. ил. |
||
| 300 | _aВ макете подзаг.: в 3 ч. | ||
| 320 | _aБиблиогр. в конце кн. (2 назв.) | ||
| 461 | 0 |
_1001RU\NLR\BIBL_A\012898062 _12001#$aПромысел нерыбных объектов$eучебное пособие для студентов бакалавриата по направлению подготовки 35.03.09 - Промышленное рыболовство$fВ. М. Долина$gФедеральное государственное бюджетное образовательное учреждение высшего образования "Калининградский государственный технический университет"$vЧ. 3 _1700#1$aДолина$bВ. М.$gВалентина Михайловна _912571970 _aДолина, В. М. _cКалининград _d2021 _fВ. М. Долина _nИзд-во ФГБОУ ВО "КГТУ" _oучебное пособие для студентов бакалавриата по направлению подготовки 35.03.09 - Промышленное рыболовство _tПромысел нерыбных объектов _y9785948266176 _vЧ. 3 |
|
| 606 | 1 |
_aМорские животные _jУчебные издания для высших учебных заведений _xПромысел _92710075 _3RU\NLR\AUTH\6601770827 |
|
| 606 | 1 |
_aМорские водоросли _jУчебные издания для высших учебных заведений _xПромысел _91767289 _3RU\NLR\AUTH\66793288 |
|
| 606 | 1 |
_aИглокожие _jУчебные издания для высших учебных заведений _xПромысел _92710079 _3RU\NLR\AUTH\6601770831 |
|
| 942 | _cBOOK | ||
| 980 | _aNB | ||